Vista normal
Vista MARC
Entrada Nombre geográfico
Número de registros utilizados en: 6
001 - NÚMERO DE CONTROL
- campo de control: 29001
003 - IDENTIFICADOR DEL NÚMERO DE CONTROL
- campo de control: OSt
005 - FECHA Y HORA DE LA ÚLTIMA TRANSACCIÓN
- campo de control: 20200615033152.0
008 - DATOS DE LONGITUD FIJA
- campo de control de longitud fija: 200615|| aca||aabn | a|a d
040 ## - FUENTE DE LA CATALOGACIÓN
- Centro catalogador/agencia de origen: OSt
- Centro/agencia transcriptor: OSt
151 ## - ENCABEZAMIENTO--NOMBRE GEOGRÁFICO
- Nombre geográfico: REPÚBLICA DOMINICANA
- Subdivisión general: HISTORIA
- Subdivisión cronológica: ERA DE TRUJILLO, 1930-1961
- Subdivisión general: RELATOS PERSONALES
670 ## - FUENTE DE DATOS ENCONTRADOS
- Cita de la fuente: Work cat.: (OSt)11991: Gómez, Generoso 29000, La noche trágica 30 de mayo 1961 :, 1996.
